Statistics for Original US States Of The Confederate States Of America

Click here to take the quiz!

General Stats

  • This quiz has been taken 32 times
  • The average score is 7 of 7

Answer Stats

Answer% Correct
Alabama
100%
Georgia
97%
Mississippi
97%
Florida
93%
South Carolina
93%
Texas
93%
Louisiana
86%

Score Distribution

Percentile by Number Answered

Percent of People with Each Score

Your Score History

You have not taken this quiz